[Event "Llinars del Valles op-B 8th"]
[Site "Llinars del Valles"]
[Date "2015.05.02"]
[Round "4"]
[White "Ramon Herraez, Alex"]
[Black "Ponsa Perello, David"]
[Result "1-0"]
[WhiteElo "1897"]
[BlackElo "1700"]
[PlyCount "71"]
[EventDate "2015.04.11"]
[EventType "swiss"]
[EventRounds "9"]
[EventCountry "ESP"]
[SourceTitle "EXT 2016"]
[Source "ChessBase"]
[SourceDate "2015.10.08"]
[SourceVersion "1"]
[SourceVersionDate "2015.10.08"]
[SourceQuality "1"]

1. d4 Nf6 2. Nf3 g6 3. Bf4 Bg7 4. e3 0-0 5. Be2 d6 6. 0-0 Nbd7 7. c3 c5 8. dxc5 Nxc5 9. Nbd2 Nfe4 10. Nxe4 Nxe4 11. h3 e5 12. Bh2 Qe7 13. Rc1 Rd8 14. Nd2 d5 15. Nxe4 dxe4 16. Qc2 Be6 17. a3 f5 18. Rfd1 Rxd1+ 19. Rxd1 Rd8 20. Rxd8+ Qxd8 21. Bg3 Bf6 22. Kf1 Qd7 23. Ke1 a6 24. c4 Qc6 25. Qc3 Qd6 26. a4 Kf7 27. b3 f4 28. Bh2 Bh4 29. c5 Qc7 30. exf4 exf4 31. Bc4 Bf6 32. Bxe6+ Kxe6 33. Qc4+ Ke5 34. g3 Qa5+ 35. b4 Qxa4 36. gxf4+ 1-0